000 00404nam a2200169Ia 4500
008 230524s9999 xx 000 0 und d
020 _a8174090533
082 _a526.9
_bAGO
100 _aR.Agor
245 2 _aA Text Book of Advanced Surveying
250 _a4
260 _aNew Delhi
_bKhanna Pub.
_c2013
300 _a"XVI,684p;"
500 _aQuantity Number: 26
650 _aCivil
942 _cBK
999 _c54998
_d54998